|
|
|
|
| LEADER |
00000nam2a2200000 4500 |
| 001 |
260994 |
| 005 |
20231101233527.0 |
| 010 |
|
|
|a 9785383008430
|
| 035 |
|
|
|a (RuTPU)RU\TPU\book\283966
|
| 090 |
|
|
|a 260994
|
| 100 |
|
|
|a 20140520d2013 km y0rusy50 ca
|
| 101 |
0 |
|
|a rus
|
| 102 |
|
|
|a RU
|
| 105 |
|
|
|a a z 000zy
|
| 200 |
0 |
|
|a Ч. 2 : Техническое обслуживание электрических сетей
|
| 210 |
|
|
|d 2013
|
| 215 |
|
|
|a 562 с.
|c ил.
|
| 330 |
|
|
|a Предлагаемое практическое пособие содержит вопросы по устройству, эксплуатации, производству работ и охране труда электрических сетей с ответами на них из нормативных документов, а также общие материалы по схемам, конструкциям электрических сетей, качеству электрической энергии и предназначены для подготовки руководящего состава и электротехнического персонала подразделений хозяйствующих субъектов электроэнергетики к сдаче экзамена по нормативно-техническим документам и Правилам для работы на объектах электроэнергетики Российской Федерации. Пособие может быть использовано персоналом организаций, выполняющего работы применительно к объектам электроэнергетики.
|
| 461 |
|
1 |
|0 (RuTPU)RU\TPU\book\298408
|y 978-5-383-00841-6
|t Безопасность электрических сетей в вопросах и ответах
|o практическое пособие
|o в 2 ч.
|f Ю. Н. Балаков
|v Ч. 2 : Техническое обслуживание электрических сетей
|d 2013
|
| 606 |
1 |
|
|a Электрические сети
|x Техника безопасности
|2 stltpush
|3 (RuTPU)RU\TPU\subj\27429
|9 51189
|
| 610 |
1 |
|
|a техническое обслуживание
|
| 610 |
1 |
|
|a эксплуатация
|
| 610 |
1 |
|
|a охрана труда
|
| 610 |
1 |
|
|a безопасность
|
| 610 |
1 |
|
|a электроэнергетика
|
| 610 |
1 |
|
|a персонал
|
| 610 |
1 |
|
|a энергетические предприятия
|
| 610 |
1 |
|
|a пожарная безопасность
|
| 610 |
1 |
|
|a оборудование
|
| 610 |
1 |
|
|a испытание
|
| 610 |
1 |
|
|a производственно-практические пособия
|
| 675 |
|
|
|a 621.311.1:658
|v 3
|
| 801 |
|
1 |
|a RU
|b 63413507
|c 20140520
|
| 801 |
|
2 |
|a RU
|b 63413507
|c 20150605
|g RCR
|
| 900 |
|
|
|a Электрические системы и сети
|
| 900 |
|
|
|a Охрана труда в электроэнергетике
|
| 942 |
|
|
|c BK
|
| 959 |
|
|
|a 85/20140520
|d 5
|e 935,00
|f ЧЗТЛ:1
|f АНЛ:1
|f УФ:3
|